Applied Sport Management Skills/ (Record no. 14473)

000 -LEADER
fixed length control field 00648nam a22001937a 4500
008 - FIXED-LENGTH DATA ELEMENTS--GENERAL INFORMATION
fixed length control field 161003b xxu||||| |||| 00| 0 eng d
020 ## - INTERNATIONAL STANDARD BOOK NUMBER
International Standard Book Number 9780736074353
020 ## - INTERNATIONAL STANDARD BOOK NUMBER
International Standard Book Number 073607435X
050 ## - LIBRARY OF CONGRESS CALL NUMBER
Classification number GV 713 .L87 2008
100 ## - MAIN ENTRY--PERSONAL NAME
Personal name Lussier, Robert N.
245 ## - TITLE STATEMENT
Title Applied Sport Management Skills/
Statement of responsibility, etc. Robert N. Lussier and David C. Kimball
260 ## - PUBLICATION, DISTRIBUTION, ETC. (IMPRINT)
Place of publication, distribution, etc. Champaign, IL:
Name of publisher, distributor, etc. Human Kinetics,
Date of publication, distribution, etc. 2008
300 ## - PHYSICAL DESCRIPTION
Extent xiii, 497p. :
Other physical details ill. ;
500 ## - GENERAL NOTE
General note Includes bibliographical references and index.
650 ## - SUBJECT ADDED ENTRY--TOPICAL TERM
Topical term or geographic name as entry element Sports
General subdivision Management
650 ## - SUBJECT ADDED ENTRY--TOPICAL TERM
Topical term or geographic name as entry element Sports administration
700 ## - ADDED ENTRY--PERSONAL NAME
Personal name Kimball, David C.
942 ## - ADDED ENTRY ELEMENTS (KOHA)
Source of classification or shelving scheme
Koha item type Hard Covered Materials
Classification part GV 713 .L87 2008
Holdings
Withdrawn status Lost status Source of classification or shelving scheme Damaged status Not for loan Home library Current library Shelving location Date acquired Total Checkouts Full call number Barcode Date last seen Price effective from Koha item type
          MACHAKOS UNIVERSITY LIBRARY MACHAKOS UNIVERSITY LIBRARY Open shelf 03/10/2016   GV 713 .L87 2008 25735 03/10/2016 03/10/2016 Hard Covered Materials
© Machakos University Library, Along The Highway, Machakos Wote Rd, Machakos, Kenya P.O. Box 136 - 90100 Machakos - Kenya

Tel: ( +254 ) 723 805829 OR Fax : 044-20353 OR Email: library@mksu.ac.ke